000 00240nam a2200097Ia 4500
001 662970
005 20250826160203.0
008 250824s9999 xx 000 0 und d
245 0 _aRuby Rogers Bu Hiç Adil Değil
_cSue Limb
260 _bALTIN
999 _c662970
_d662970